000 00294nam a22001337a 4500
008 170829b xxu||||| |||| 00| 0 eng d
020 _a9780073385020
041 _aeng
080 _a7 ED
100 _a39
101 _aMED
245 _aCOMMUNICATION THEORY
_cGRIFFIN.E
942 _2udc
_cBK
999 _c25289
_d25289